| 000 | 06980 a2200553 4500 | ||
|---|---|---|---|
| 005 | 20081117164614.0 | ||
| 008 | 081117t xxu||||| |||| 00|0 HIN d | ||
| 010 | _aB-297077-104 | ||
| 020 |
_a9788190630603 _c65.00 |
||
| 035 | _aB-297077-104 | ||
| 037 | _bमृणाल प्रका. | ||
| 040 |
_aDPL _bHN |
||
| 082 | _a821 | ||
| 100 | _aग्रेस जयन्त | ||
| 245 |
_aतिरंगें की सौगन्ध / _cग्रेस जयन्त |
||
| 260 |
_aदिल्ली _bमृणाल प्रकाशन _c2008 |
||
| 270 |
_aयू-243.शकरपुर _b दिल्ली _cदिल्ली _e110092 |
||
| 300 |
_a101पृ. _c22 सेमी (अजिल्द) |
||
| 942 |
_adpl _cHN _k821 / ग्रेसज _2ddc _h821 _mग्रेसज |
||
| 999 |
_c13051 _d13051 |
||